000 00938nam a2200289 i 4500
003 DO-SdBNP
005 20260321073646.0
007 ta
008 240320b2023 dr ab||| |||| 00| 0 spa d
020 _a
020 _a 9789945938333
040 _aDO-SdBNP
_bspa
_cBNPHU
_erda
082 4 _bR173
_222
100 1 _a Bosch, Juan,
_d1909-2001
_eautor
_976555
245 1 0 _aLa prueba indiciaria y su valoración en el proceso penal /
_cErnesto Ramírez Méndez ; prólogo de José Alejandro Vargas
264 _aSanto Domingo :
_bImpresora Soto Castillo,
_c2023.
300 _a168 páginas ;
_c24 cm.
336 _2rdacontent
_atexto
_btxt
337 _2rdamedia
_asin mediación
_bn
338 _2rdacarrier
_avolumen
_bnc
533 _afacsímile
_bChile
_cUniversiaria
_d1955.
590 _aInventariado, 2024/DG
651 4 _aCuba
_xHistoria
_9493
_2Lemb
651 4 _aCuba
_xCivilización
_9494
_2Lemb
910 _aDG
942 _2ddc
_cLBS1
999 _c56168
_d56168